Представление документа в формате RUSMARC

ПолеНазваниеЗначение
  Тип записи a
  Библиографический уровень a
001 Контрольный номер RU/CBS_UL/BASE/b566a4b9ae6e4994bf5178e40c321999
005 Дата корректировки 20250311115518.7
100 Данные общей обработки __
a Данные общей обработки 20250311 ||| 0rusy0189 ca
101 Язык документа 0_
a Язык текста rus
102 Страна публикации __
a Страна публикации RU
200 Заглавие и сведения об ответственности 1_
a Заглавие "Вы приняты!" 5 секретов успешного собеседования
e Сведения, относящиеся к заглавию [о том, как успешно пройти собеседование с потенциальным работодателем]
300 Общие примечания __
a Общие примечания Содерж. : О прошлой работе или хорошо, или никак
300 Общие примечания __
a Общие примечания 16+
461 Уровень набора _0
1 2000
a Дарья
463 Уровень физической единицы _0
1 2000
a № 4
v С. 31 : фот.
1 2101
d 2025
1 001RU/CBS_UL/BASE/f091543b28c7474484186e9fa4a29911
606 Тематические рубрики 0_
a Основная рубрика Трудоустройство - Собеседование
610 Ключевые слова 0_
a Ключевые слова трудоустройство
610 Ключевые слова 0_
a Ключевые слова работодатели
610 Ключевые слова 0_
a Ключевые слова собеседование при трудоустройстве
610 Ключевые слова 0_
a Ключевые слова кандидаты на должность
686 Индексы других классификаций __
2 Код системы rubbk
a Классификационный индекс 65.240.53
801 Источник записи _0
a Страна RU
b Организация МБУК ЦБС г. Ульяновска
c Дата составления 20250311
g Правила каталогизации RCR
801 Источник записи _1
a Страна RU
b Организация МБУК ЦБС г. Ульяновска
c Дата составления 20250311
g Правила каталогизации RCR
901 Тип документа __
t Тип документа b
w Контрольный № источника RU/CBS_UL/BASE/f091543b28c7474484186e9fa4a29911
909 Создатель записи __
a Создатель записи lib1